| 000 | 00541nam a22001457a 4500 | ||
|---|---|---|---|
| 020 | _a9780446541473 | ||
| 082 | _a330.95694 SEN | ||
| 100 |
_aSenor, Dan _969506 |
||
| 245 | _aStsart-up-nation: The Story of Israel's Economic Miracle | ||
| 260 |
_aNew York _bTwelve Hachette Book Group _c2011 |
||
| 300 | _a309 P | ||
| 650 |
_aThe Story of Israel's Economic Miracle Dan Senor & Saul Singer With A New Foreword By Shimon Peres and Afterword by Shimon Peres and Afterword by the Auther _969507 |
||
| 700 |
_aSinger, Saul _969508 |
||
| 942 | _cBK | ||
| 999 |
_c576755 _d576755 |
||